000 00335 a2200109 4500
001 ART_39602
005 20260410162000.0
008 260409a
245 1 0 _aLa ciudad como objeto de las ciencias sociales
100 1 _aTrotta, Miguel Eduardo Vicente
773 0 _tPropuestas
_g- Año 3, Nº 6 (dic. 1997)
_wREV28258
999 _c31222
_d31222